Concrete technology and practice (Record no. 10073)

000 -LEADER
fixed length control field 00497nam a2200193 i 4500
001 - CONTROL NUMBER
control field 10073
003 - CONTROL NUMBER IDENTIFIER
control field BD-DhUET
008 - FIXED-LENGTH DATA ELEMENTS--GENERAL INFORMATION
fixed length control field 791015s1977 at af 001 0 eng
020 ## - INTERNATIONAL STANDARD BOOK NUMBER
International Standard Book Number 007093343X
040 ## - CATALOGING SOURCE
Original cataloging agency DLC
Transcribing agency DLC
Modifying agency BD-DhUET
082 00 - DEWEY DECIMAL CLASSIFICATION NUMBER
Classification number 620.136
Item number TAY/1977
100 1# - MAIN ENTRY--PERSONAL NAME
Personal name Taylor, W. H.
245 10 - TITLE STATEMENT
Title Concrete technology and practice
250 ## - EDITION STATEMENT
Edition statement 4th ed.
260 ## - PUBLICATION, DISTRIBUTION, ETC. (IMPRINT)
Place of publication, distribution, etc. New York
Name of publisher, distributor, etc. McGraw-Hill Book
Date of publication, distribution, etc. 1977
300 ## - PHYSICAL DESCRIPTION
Extent xvi, 846 p.
Other physical details ill.
Dimensions 25 cm.
650 #0 - SUBJECT ADDED ENTRY--TOPICAL TERM
Topical term or geographic name as entry element Concrete engineering
942 ## - ADDED ENTRY ELEMENTS (KOHA)
Koha item type General Book
Holdings
Shelving location Lost status Koha normalized classification for sorting Koha full call number Koha date last seen Sublocation or collection (holding branch) Withdrawn status Source of classification or shelving scheme Not for loan Piece designation (barcode) Location (home branch) Date acquired Damaged status Koha item type Copy number Price effective from
Circulation section 620_136000000000000_TAY_1977620.136/TAY/19772015-02-04Central Library, BUET   52798Central Library, BUET2015-02-04 General Book12015-02-04
Circulation section 620_136000000000000_TAY_1977620.136/TAY/19772015-02-04Central Library, BUET   52795Central Library, BUET2015-02-04 General Book22015-02-04
Circulation section 620_136000000000000_TAY_1977620.136/TAY/19772015-02-04Central Library, BUET   52797Central Library, BUET2015-02-04 General Book32015-02-04
Circulation section 620_136000000000000_TAY_1977620.136/TAY/19772015-02-04Central Library, BUET   46341Central Library, BUET2015-02-04 General Book42015-02-04
Circulation section 620_136000000000000_TAY_1977620.136/TAY/19772015-04-27Central Library, BUET   52796Central Library, BUET2015-04-27 General Book52015-04-27